Витоки (Запис № 329947)

МАРК-запис
000 -Лідер
fixed length control field 00733nam a22002177a 4500
003 - Ідентифікатор контрольного номера
control field UA-OsUOA
001 - Контрольний номер
control field 43834
007 - Фіксоване поле фізичного опису
fixed length control field ta
008 - Елементи даних фіксованої довжини – загальна інформація
fixed length control field 20070126b un ||||| |||| 00| 0 ukr d
090 ## - Локальний шифр розміщення
Класифікаційний індекс УДК 821.161.2
Авторський знак (НП) В54
040 ## - Джерело каталогізації
Агенція оригінальної каталогізації UA-OsUOA
Мова каталогізації ukr
Агенція, яка здійснювала перезапис UA-OsUOA
Агенція, яка здійснювала модифікацію UA-OsUOA
041 ## - Код мови
Код мови тексту/ звукової доріжки чи окремого заголовка (П) ukr
080 ## - Індекс Універсальної десяткової класифікації
Індекс Універсальної десяткової класифікації (УДК) (НП) 821.161.2
245 ## - Відомості про назву
Назва (НП) Витоки
Решта назви (НП) Літературний альманах. Поезія. Проза. Літературознавство
260 ## - Публікація, розповсюдження і т.п. (Вихідні дані)
Місце публікації, розповсюдження і т.п. (П) Острог
Ім’я/ наймення видавництва, розповсюджувача і т.п. (П) Вид-во Національного університету "Острозька академія"
Дата публікації, розповсюдження і т.п. (П) 2006
300 ## - Фізичний опис
Обсяг 156 с.
650 #7 - Додаткове предметне введення – тематичний термін
Тематичний термін чи географічна назва, як елемент введення (НП) 82 Література. Літературознавство
Джерело заголовка чи терміна UDC
942 ## - Додаткові елементи входу (Коха)
Тип елемента Koha Книги
955 ## - Код типу видання за змістом
Код типу видання за змістом (НП) Літературно-художні видання
Фонди
Стан вилучень Стан втрат Джерело класифікації або схеми стелажів Стан уражень Не для кредиту Постійне місце розташування Поточне розміщення Дата придбання Джерело придбання Вартість, звичайна ціна покупки Інвентарний номер Усього замовленно Повний номер виклику Штрих-код Дата останнього перегляду Ціна ефективна від Тип елемента Koha
    Universal Decimal Classification     АБ - Абонемент НБ АБ - Абонемент НБ 26/01/2007 11/2007 4.00 102582   821.161.2 В54 102582 21/02/2022 26/01/2007 Книги
    Universal Decimal Classification     АБ - Абонемент НБ АБ - Абонемент НБ 26/01/2007 11/2007 4.00 102583   821.161.2 В54 102583 21/02/2022 26/01/2007 Книги
    Universal Decimal Classification     АБ - Абонемент НБ АБ - Абонемент НБ 26/01/2007 11/2007 4.00 102584   821.161.2 В54 102584 21/02/2022 26/01/2007 Книги
    Universal Decimal Classification     АБ - Абонемент НБ АБ - Абонемент НБ 26/01/2007 11/2007 4.00 102585   821.161.2 В54 102585 22/02/2022 26/01/2007 Книги